| Tag |
First Indicator |
Second Indicator |
Subfields |
| LEADER |
00000cam a2200000 i 4500 |
| 001 |
in00000020231 |
| 005 |
20151007053846.0 |
| 008 |
760720s1976 paua b 10110 eng |
| 010 |
|
|
|a 75013061
|
| 020 |
|
|
|c $25.50
|
| 035 |
|
|
|a (OCoLC)02313323
|
| 035 |
|
|
|9 AAB3070AM
|
| 040 |
|
|
|a DLC
|c DLC
|d m.c.
|d TXA
|d UtOrBLW
|
| 049 |
|
|
|a TXAM
|c [1238846]
|
| 050 |
0 |
0 |
|a TA417.25
|b .S93 1975
|
| 082 |
0 |
|
|a 620.1/1273
|
| 111 |
2 |
|
|a Symposium on Practical Applications of Neutron Radiography and Gaging
|d (1975 :
|c Gaithersburg, Md.)
|
| 245 |
1 |
0 |
|a Practical applications of neutron radiography and gaging :
|b a symposium /
|c sponsored by the National Bureau of Standards and ASTM Committee E-7 on Nondestructive Testing, American Society for Testing and Materials, Gaithersburg, Md., 10-11 Feb. 1975 ; Harold Berger, editor.
|
| 264 |
|
1 |
|a Philadelphia :
|b ASTM,
|c 1976.
|
| 300 |
|
|
|a 319 pages :
|b illustrations ;
|c 24 cm.
|
| 336 |
|
|
|a text
|b txt
|2 rdacontent
|
| 337 |
|
|
|a unmediated
|b n
|2 rdamedia
|
| 338 |
|
|
|a volume
|b nc
|2 rdacarrier
|
| 490 |
1 |
|
|a ASTM special technical publication ;
|v 586
|
| 504 |
|
|
|a Includes bibliographical references and index.
|
| 650 |
|
0 |
|a Radiography, Industrial
|x Congresses.
|
| 700 |
1 |
|
|a Berger, Harold.
|
| 710 |
1 |
|
|a United States.
|b National Bureau of Standards.
|
| 710 |
2 |
|
|a American Society for Testing and Materials.
|b Committee E-7 on Nondestructive Testing.
|
| 830 |
|
0 |
|a ASTM special technical publication ;
|v 586.
|
| 999 |
|
|
|a MARS
|
| 999 |
f |
f |
|s e0be10d9-2eb5-356d-add9-eb80fed8b258
|i 257388e7-13c2-3715-a278-020045f47719
|t 0
|
| 952 |
f |
f |
|p ric
|a Texas A&M University
|b Rellis Campus
|c Joint Library Facility
|d Remote Storage
|t 0
|e TA417.25 .S93 1975
|h Library of Congress classification
|i unmediated -- volume
|m A14807928418
|
| 998 |
f |
f |
|a TA417.25 .S93 1975
|t 0
|l Remote Storage
|